1915-1917 : (Record no. 86685)

MARC details
000 -CABECERA
campo de control de longitud fija 01244ngm a2200241 a 4500
005 - FECHA Y HORA DE LA ÚLTIMA TRANSACCIÓN
campo de control 20230511063543.0
008 - ELEMENTOS DE LONGITUD FIJA--INFORMACIÓN GENERAL
campo de control de longitud fija 011008s2000 mx r 000 0 spa d
020 ## - NÚMERO INTERNACIONAL NORMALIZADO PARA LIBROS
Número Internacional Estándar del Libro 9682992397
035 ## - NÚMERO DE CONTROL DEL SISTEMA
Número de control de sistema UPN01000112777
049 ## - COLECCIÓN
Colección AV
099 ## - CLASIFICACIÓN LOCAL
Clasificación local PVI F 0959
245 00 - MENCIÓN DE TÍTULO
Título 1915-1917 :
Resto del título romance de los ideales.
260 ## - PUBLICACIÓN, DISTRIBUCIÓN, ETC.
Lugar de publicación, distribución, etc. México :
Nombre del editor, distribuidor, etc. ILCE,
Fecha de publicación, distribución, etc. [199-?].
300 ## - DESCRIPCIÓN FÍSICA
Extensión 1 videocasete (VHS) (60 min.) :
Otras características físicas son., col.
440 #0 - MENCIÓN DE SERIE/ASIENTO SECUNDARIO--TÍTULO
Título Siglo 20.
Nombre de parte o sección de la obra La vida en México ;
Designación de volumen o secuencia 2
501 ## - NOTA DE "CON"
Nota de “Con” Con: 1917-1920 : un mundo sobre ruedas
520 ## - NOTA DE RESUMEN, ETC.
Sumario, etc. México vive una guerra civil. Villa y Carranza enfrentan grandes conflictos, hasta que el Centauro del Norte pierde la batalla de Celaya. Carranza declara capital a Querétaro y promulga la constitución de 1917. En: 1917-1920 : un mundo sobre ruedas, se resumen tres años llenos de acontecimientos históricos, como el gobierno y la muerte de Carranza y la de Zapata. El interinato de De la Huerta y el gobierno de Obregón
651 #4 - ASIENTO SECUNDARIO DE MATERIA - NOMBRE GEOGRAFICO
Nombre geográfico MEXICO -
Subdivisión general HISTORIA -
Subdivisión cronológica REVOLUCION CARRANCISTA, 1913-1920
9 (RLIN) 17713
651 #4 - ASIENTO SECUNDARIO DE MATERIA - NOMBRE GEOGRAFICO
Nombre geográfico MEXICO -
Subdivisión general HISTORIA -
Subdivisión cronológica REVOLUCION ZAPATISTA, 1911-1919
9 (RLIN) 9550
651 #4 - ASIENTO SECUNDARIO DE MATERIA - NOMBRE GEOGRAFICO
Nombre geográfico México
Subdivisión general Historia
Subdivisión cronológica Revolución, 1910-1917
9 (RLIN) 223
740 0# - ASIENTO SECUNDARIO - TÍTULOS RELACIONADOS /ANALITICOS NO CONTROLADOS
Título relacionado o analítico no controlado 1917-1920 : un mundo sobre ruedas
905 ## - TIPO DE MATERIAL
Tipo de material Audiovisuales
Holdings
Estado de retiro Estado de pérdida Fuente del sistema de clasificación o colocación Estado dañado No para préstamo Código de colección Localización permanente Ubicación/localización actual Ubicación en estantería Enumeración/cronología de publicación seriada Total de préstamos Clasificación Código de barras Fecha visto por última vez Número de copia Tipo de ítem Koha
    Library of Congress Classification     Audiovisuales Bib. Gregorio Torres Quintero Bib. Gregorio Torres Quintero Audiovisual -   PVI F 0959 172263 31/12/2020 1 Videocasete